K vybraným aspektom financovania rozvojovej pomoci Európskej únie a jej členských štátov

Analýza existujúceho mechanizmu financovania rozvojovej pomoci na úrovni EÚ. Niektoré z jeho kritických momentov (zložitosť, neprehľadnosť, administratívna náročnosť, obmedzená legitimita, nerovnaké zaobchádzanie, atď.). Navrhnutie vhodných riešení (integrácia Európskeho rozvojového fondu do komunit...

ver descrição completa

Na minha lista:
Detalhes bibliográficos
Autor principal: Polakovič, Jozef
Formato: Capítulo de Livro
Idioma:eslovaco
Assuntos:
Tags: Adicionar Tag
Sem tags, seja o primeiro a adicionar uma tag!

MARC

LEADER 00000naa$a2200000$$$4500
001 0064584
005 20240502071745.9
041 0 |a slo 
044 |a SK 
245 1 0 |a K vybraným aspektom financovania rozvojovej pomoci Európskej únie a jej členských štátov  |c Jozef Polakovič 
520 |a Analýza existujúceho mechanizmu financovania rozvojovej pomoci na úrovni EÚ. Niektoré z jeho kritických momentov (zložitosť, neprehľadnosť, administratívna náročnosť, obmedzená legitimita, nerovnaké zaobchádzanie, atď.). Navrhnutie vhodných riešení (integrácia Európskeho rozvojového fondu do komunitárneho rozpočtu). 
610 2 0 |a Európska únia 
610 2 0 |a krajiny rozvojové 
610 2 0 |a pomoc rozvojová 
610 2 0 |a financovanie 
610 2 0 |a spolupráca cezhraničná 
100 1 |a Polakovič, Jozef